000 00352 a2200169 4500
001 191366
020 _a
040 _cMagnum
100 _aGuinho, Antonio
240 1 0 _aMinhocas na cabeça
_lpor
245 1 0 _aMinhocas na cabeça
300 _a36
362 0 _a1997
440 1 _aBagaço
697 _aLITERATURA INFANTO-JUVENIL
942 _cBK
999 _c191366
_d191366